| 000 | 00975 a2200253 4500 | ||
|---|---|---|---|
| 003 | Nust | ||
| 005 | 20210218093756.0 | ||
| 008 | 170621b xxu||||| |||| 00| 0 eng d | ||
| 020 | _a0333977017 | ||
| 038 | _aA | ||
| 040 |
_cNust _aDLC _bDLC |
||
| 050 | _a901.1 CAR | ||
| 082 | _a901 CAR | ||
| 100 |
_aCarr, Edward Hallett _93045 |
||
| 245 |
_aWhat is history? _cE.H. Carr |
||
| 260 | _bPalgrave | ||
| 300 |
_axlvi, 155 p. : _bill, ; _c24 cm. |
||
| 505 | _aIntroduction (Page-ix) Introductory Note (Page xlvii) Preface to the Second Edition (Page-xlix) The Historian and his Facts (Page-1) Society and the Individual (Page-25) History Science and Morality (Page-50) Causation in History (Page-81) History as Progress (Page-103) The Widening Horizon (Page-128). | ||
| 538 | _aShelf # 09, Row # 1, History & Digital Design. | ||
| 563 | _aH.B | ||
| 650 |
_aHistory _93046 |
||
| 856 | _3Table of Contents Only. | ||
| 942 |
_2ddc _cBK _h 901 CAR |
||
| 999 |
_c24123 _d24123 |
||